[Event "ODJM B 2025"]
[Site "Willingen GER"]
[Date "2025.06.08"]
[Round "1"]
[White "Schille, Marlene"]
[Black "Tabales, Lennart"]
[Result "0-1"]
[Termination "normal"]
[Board "32"]
[WhiteElo "1461"]
[BlackElo "1775"]
[WhiteClock "00:05:06"]
[BlackClock "00:07:15"]
[PlyCount "88"]
[WhiteFideId "533000670"]
[BlackFideId "34604057"]
[EventCountry "GER"]
[EventRounds "9"]
[EventType "swiss"]
[EventDate "2025.06.07"]

1. e4 {[%clk 01:30:57]} {[%emt 00:00:02]} c5 {[%clk 01:30:56]} {[%emt
00:00:05]} 2. Nf3 {[%clk 01:31:22]} {[%emt 00:00:06]} d6 {[%clk 01:31:22]}
{[%emt 00:00:04]} 3. d4 {[%clk 01:31:33]} {[%emt 00:00:18]} cxd4 {[%clk
01:31:48]} {[%emt 00:00:04]} 4. Nxd4 {[%clk 01:31:56]} {[%emt 00:00:07]} Nf6
{[%clk 01:32:13]} {[%emt 00:00:04]} 5. Nc3 {[%clk 01:31:46]} {[%emt 00:00:41]}
a6 {[%clk 01:32:39]} {[%emt 00:00:04]} 6. Be2 {[%clk 01:31:28]} {[%emt
00:00:48]} e5 {[%clk 01:31:16]} {[%emt 00:01:54]} 7. Nf3 {[%clk 01:28:02]}
{[%emt 00:03:56]} Be7 {[%clk 01:30:03]} {[%emt 00:01:42]} 8. O-O {[%clk
01:27:13]} {[%emt 00:01:19]} O-O {[%clk 01:29:29]} {[%emt 00:01:04]} 9. Re1
{[%clk 01:23:47]} {[%emt 00:03:55]} h6 {[%clk 01:26:19]} {[%emt 00:03:41]} 10.
h3 {[%clk 01:18:18]} {[%emt 00:05:59]} Be6 {[%clk 01:24:42]} {[%emt 00:02:07]}
11. Be3 {[%clk 01:17:20]} {[%emt 00:01:27]} Qd7 {[%clk 01:18:38]} {[%emt
00:06:34]} 12. Qd2 {[%clk 01:01:24]} {[%emt 00:16:27]} Nc6 {[%clk 01:13:06]}
{[%emt 00:06:01]} 13. Rad1 {[%clk 00:56:01]} {[%emt 00:05:54]} b5 {[%clk
01:03:25]} {[%emt 00:10:11]} 14. a3 {[%clk 00:53:34]} {[%emt 00:02:58]} Rab8
{[%emt 00:12:59]} 15. b4 {[%clk 00:51:20]} Rfd8 {[%clk 00:50:40]} {[%emt
00:03:29]} 16. Kh1 {[%clk 00:40:19]} {[%emt 00:11:30]} Qc8 {[%clk 00:40:57]}
{[%emt 00:10:14]} 17. Qc1 {[%clk 00:34:32]} {[%emt 00:06:18]} Nxb4 {[%clk
00:35:22]} {[%emt 00:06:05]} 18. axb4 {[%clk 00:28:49]} {[%emt 00:06:13]} Qxc3
{[%clk 00:33:19]} {[%emt 00:02:33]} 19. Bd2 {[%clk 00:27:47]} {[%emt 00:01:32]}
Qc6 {[%clk 00:27:14]} {[%emt 00:06:34]} 20. Bd3 {[%clk 00:26:51]} {[%emt
00:01:26]} Rbc8 {[%clk 00:25:54]} {[%emt 00:01:50]} 21. Re3 {[%clk 00:23:52]}
{[%emt 00:03:29]} Nh5 {[%clk 00:22:40]} {[%emt 00:03:44]} 22. Re2 {[%clk
00:21:28]} {[%emt 00:02:55]} Qd7 {[%clk 00:14:40]} {[%emt 00:08:29]} 23. Kh2
{[%clk 00:17:36]} {[%emt 00:04:22]} f5 {[%clk 00:12:22]} {[%emt 00:02:49]} 24.
exf5 {[%clk 00:16:49]} {[%emt 00:01:16]} Bxf5 {[%clk 00:12:51]} {[%emt
00:00:01]} 25. Bxf5 {[%clk 00:16:32]} {[%emt 00:00:47]} Qxf5 {[%clk 00:13:19]}
{[%emt 00:00:01]} 26. g4 {[%clk 00:15:20]} {[%emt 00:01:43]} Qxf3 {[%clk
00:13:43]} {[%emt 00:00:06]} 27. Rde1 {[%clk 00:12:41]} {[%emt 00:03:09]} Rc4
{[%clk 00:12:17]} {[%emt 00:01:56]} 28. Qd1 {[%clk 00:10:07]} {[%emt 00:03:04]}
Nf6 {[%emt 00:03:40]} 29. Rg1 {[%clk 00:08:45]} Ne4 {[%clk 00:09:42]} {[%emt
00:01:47]} 30. c3 {[%clk 00:06:27]} {[%emt 00:02:48]} Rdc8 {[%clk 00:09:37]}
{[%emt 00:00:34]} 31. Qe1 {[%clk 00:06:24]} {[%emt 00:00:34]} Rxc3 {[%clk
00:08:20]} {[%emt 00:01:46]} 32. Bxc3 {[%clk 00:05:41]} {[%emt 00:01:13]} Rxc3
{[%clk 00:08:48]} {[%emt 00:00:02]} 33. Re3 {[%clk 00:05:55]} {[%emt 00:00:16]}
Qf4+ {[%clk 00:09:06]} {[%emt 00:00:12]} 34. Kg2 {[%clk 00:05:52]} {[%emt
00:00:33]} Rc4 {[%clk 00:07:37]} {[%emt 00:02:00]} 35. Rf3 {[%clk 00:05:01]}
{[%emt 00:01:21]} Qg5 {[%clk 00:05:59]} {[%emt 00:02:07]} 36. Rf5 {[%clk
00:05:11]} {[%emt 00:00:20]} Qg6 {[%clk 00:05:56]} {[%emt 00:00:33]} 37. f3
{[%clk 00:04:40]} {[%emt 00:01:01]} Rc2+ {[%clk 00:06:17]} {[%emt 00:00:09]}
38. Kf1 {[%clk 00:03:49]} {[%emt 00:01:21]} Rf2+ {[%clk 00:05:44]} {[%emt
00:01:03]} 39. Qxf2 {[%clk 00:04:16]} {[%emt 00:00:04]} Nxf2 {[%clk 00:06:12]}
{[%emt 00:00:02]} 40. Kxf2 {[%clk 00:04:45]} Qe6 {[%clk 00:06:20]} {[%emt
00:00:23]} 41. Rc1 {[%clk 00:04:23]} {[%emt 00:00:51]} Bh4+ {[%clk 00:06:19]}
{[%emt 00:00:31]} 42. Kf1 {[%clk 00:04:43]} {[%emt 00:00:10]} Qa2 {[%clk
00:06:38]} {[%emt 00:00:11]} 43. Kg1 {[%clk 00:04:37]} {[%emt 00:00:37]} Qf2+
{[%clk 00:06:47]} {[%emt 00:00:21]} 44. Kh1 {[%clk 00:05:06]} {[%emt 00:00:01]}
Bg3 {[%clk 00:07:15]} {[%emt 00:00:02]} 0-1

[Event "ODJM B 2025"]
[Site "Willingen GER"]
[Date "2025.06.08"]
[Round "1"]
[White "Rempe, Mieke"]
[Black "Kandora, William"]
[Result "0-1"]
[Termination "normal"]
[Board "33"]
[WhiteElo "1779"]
[BlackElo "1570"]
[WhiteClock "00:00:32"]
[BlackClock "00:27:10"]
[PlyCount "62"]
[WhiteFideId "16202384"]
[BlackFideId "34684247"]
[EventCountry "GER"]
[EventRounds "9"]
[EventType "swiss"]
[EventDate "2025.06.07"]

1. e4 {[%clk 01:30:57]} {[%emt 00:00:03]} e5 {[%clk 01:30:54]} {[%emt
00:00:06]} 2. Nf3 {[%clk 01:31:22]} {[%emt 00:00:05]} Nf6 {[%clk 01:31:17]}
{[%emt 00:00:07]} 3. Nc3 {[%clk 01:31:47]} {[%emt 00:00:05]} Nc6 {[%clk
01:31:41]} {[%emt 00:00:06]} 4. Nd5 {[%clk 01:30:26]} {[%emt 00:01:51]} Bc5
{[%clk 01:25:27]} {[%emt 00:06:45]} 5. c3 {[%clk 01:27:51]} {[%emt 00:03:04]}
Be7 {[%clk 01:17:33]} {[%emt 00:08:23]} 6. d4 {[%clk 01:20:34]} {[%emt
00:07:48]} d6 {[%clk 01:17:18]} {[%emt 00:00:45]} 7. Nxf6+ {[%clk 01:08:47]}
{[%emt 00:12:16]} Bxf6 {[%clk 01:17:35]} {[%emt 00:00:14]} 8. d5 {[%clk
01:01:44]} {[%emt 00:07:33]} Ne7 {[%clk 01:15:06]} {[%emt 00:02:58]} 9. Be2
{[%clk 01:00:23]} {[%emt 00:01:51]} O-O {[%clk 01:14:44]} {[%emt 00:00:52]} 10.
Be3 {[%clk 00:58:57]} {[%emt 00:01:56]} c6 {[%clk 01:12:31]} {[%emt 00:02:44]}
11. c4 {[%clk 00:56:24]} {[%emt 00:03:03]} Ng6 {[%clk 01:09:42]} {[%emt
00:03:19]} 12. Qd2 {[%clk 00:52:31]} {[%emt 00:04:23]} cxd5 {[%clk 01:07:54]}
{[%emt 00:02:18]} 13. cxd5 {[%clk 00:50:28]} {[%emt 00:02:32]} Nf4 {[%clk
01:06:55]} {[%emt 00:01:29]} 14. O-O {[%clk 00:41:09]} {[%emt 00:09:49]} Nxe2+
{[%clk 01:06:04]} {[%emt 00:01:21]} 15. Qxe2 {[%clk 00:40:45]} {[%emt
00:00:55]} Bg4 {[%clk 01:06:24]} {[%emt 00:00:09]} 16. h3 {[%clk 00:34:40]}
{[%emt 00:06:35]} Bh5 {[%clk 01:06:30]} {[%emt 00:00:24]} 17. g4 {[%clk
00:30:25]} {[%emt 00:04:45]} Bg6 {[%clk 01:06:53]} {[%emt 00:00:07]} 18. Bd2
{[%clk 00:21:43]} {[%emt 00:09:12]} Qd7 {[%clk 00:56:28]} {[%emt 00:10:55]} 19.
a4 {[%clk 00:18:46]} {[%emt 00:03:27]} Be7 {[%clk 00:55:23]} {[%emt 00:01:35]}
20. Ra3 {[%clk 00:17:02]} {[%emt 00:02:15]} h5 {[%clk 00:51:51]} {[%emt
00:04:02]} 21. g5 {[%clk 00:13:31]} {[%emt 00:04:01]} f5 {[%clk 00:48:36]}
{[%emt 00:03:45]} 22. Nh4 {[%clk 00:12:31]} {[%emt 00:01:29]} Qe8 {[%clk
00:46:49]} {[%emt 00:02:17]} 23. Rc3 {[%clk 00:08:09]} {[%emt 00:04:53]} f4
{[%clk 00:46:09]} {[%emt 00:01:09]} 24. Rc7 {[%clk 00:04:37]} {[%emt 00:04:03]}
Bxg5 {[%clk 00:44:27]} {[%emt 00:02:11]} 25. Nf3 {[%clk 00:02:58]} {[%emt
00:02:10]} Bd8 {[%clk 00:44:31]} {[%emt 00:00:26]} 26. Rxb7 {[%clk 00:02:34]}
{[%emt 00:00:54]} Bb6 {[%clk 00:43:15]} {[%emt 00:01:46]} 27. Ng5 {[%clk
00:02:09]} {[%emt 00:00:54]} Bf7 {[%clk 00:38:18]} {[%emt 00:05:27]} 28. Bb4
{[%clk 00:01:49]} {[%emt 00:00:51]} Qc8 {[%clk 00:35:19]} {[%emt 00:03:29]} 29.
Rxf7 {[%clk 00:01:29]} {[%emt 00:00:50]} Rxf7 {[%clk 00:32:36]} {[%emt
00:03:12]} 30. Nxf7 {[%clk 00:01:54]} {[%emt 00:00:05]} Qxh3 {[%clk 00:27:11]}
{[%emt 00:05:55]} 31. Nxd6 {[%clk 00:00:32]} {[%emt 00:01:52]} f3 {[%clk
00:27:10]} {[%emt 00:00:32]} 0-1

[Event "ODJM B 2025"]
[Site "Willingen GER"]
[Date "2025.06.08"]
[Round "1"]
[White "Magezi, Noah"]
[Black "Lieb, Max"]
[Result "0-1"]
[Termination "normal"]
[Board "34"]
[WhiteElo "1607"]
[BlackElo "1743"]
[WhiteClock "00:53:13"]
[BlackClock "00:42:07"]
[PlyCount "46"]
[WhiteFideId "34696113"]
[BlackFideId "34630651"]
[EventCountry "GER"]
[EventRounds "9"]
[EventType "swiss"]
[EventDate "2025.06.07"]

1. e4 {[%clk 01:30:25]} {[%emt 00:00:34]} c5 {[%clk 01:30:54]} {[%emt
00:00:06]} 2. Nf3 {[%clk 01:30:50]} {[%emt 00:00:05]} Nc6 {[%clk 01:31:18]}
{[%emt 00:00:07]} 3. d4 {[%clk 01:31:15]} {[%emt 00:00:06]} cxd4 {[%clk
01:31:39]} {[%emt 00:00:08]} 4. Nxd4 {[%clk 01:31:41]} {[%emt 00:00:04]} Nf6
{[%clk 01:31:59]} {[%emt 00:00:10]} 5. Nc3 {[%clk 01:32:05]} {[%emt 00:00:06]}
e5 {[%clk 01:32:23]} {[%emt 00:00:06]} 6. Ndb5 {[%clk 01:32:30]} {[%emt
00:00:05]} d6 {[%clk 01:32:46]} {[%emt 00:00:07]} 7. Bg5 {[%clk 01:32:46]}
{[%emt 00:00:14]} a6 {[%clk 01:33:03]} {[%emt 00:00:13]} 8. Na3 {[%clk
01:33:12]} {[%emt 00:00:04]} b5 {[%clk 01:33:28]} {[%emt 00:00:06]} 9. Bxf6
{[%clk 01:33:24]} {[%emt 00:00:18]} gxf6 {[%clk 01:33:48]} {[%emt 00:00:09]}
10. Nd5 {[%clk 01:33:39]} {[%emt 00:00:13]} Bg7 {[%clk 01:34:08]} {[%emt
00:00:11]} 11. c3 {[%clk 01:33:33]} {[%emt 00:00:37]} f5 {[%clk 01:33:46]}
{[%emt 00:00:53]} 12. exf5 {[%clk 01:33:20]} {[%emt 00:00:43]} Bxf5 {[%clk
01:34:01]} {[%emt 00:00:14]} 13. Nc2 {[%clk 01:33:27]} {[%emt 00:00:23]} O-O
{[%clk 01:33:31]} {[%emt 00:01:00]} 14. Nce3 {[%clk 01:33:13]} {[%emt
00:00:43]} Be6 {[%clk 01:33:20]} {[%emt 00:00:42]} 15. Be2 {[%clk 01:32:33]}
{[%emt 00:01:10]} f5 {[%clk 01:29:42]} {[%emt 00:04:08]} 16. f4 {[%clk
01:31:28]} {[%emt 00:01:34]} b4 {[%clk 01:10:50]} {[%emt 00:19:23]} 17. cxb4
{[%clk 01:27:24]} {[%emt 00:04:33]} a5 {[%clk 01:00:01]} {[%emt 00:11:20]} 18.
Rc1 {[%clk 01:18:40]} {[%emt 00:09:14]} Nxb4 {[%clk 00:58:42]} {[%emt
00:01:49]} 19. Nc7 {[%clk 01:17:15]} {[%emt 00:01:55]} Bxa2 {[%clk 00:58:52]}
{[%emt 00:00:20]} 20. Nxa8 {[%clk 01:12:36]} {[%emt 00:05:08]} exf4 {[%clk
00:57:49]} {[%emt 00:01:33]} 21. Nc4 {[%clk 01:09:58]} {[%emt 00:03:09]} Qxa8
{[%clk 00:55:07]} {[%emt 00:03:11]} 22. Qxd6 {[%clk 01:02:15]} {[%emt
00:08:12]} Qxg2 {[%clk 00:44:41]} {[%emt 00:10:57]} 23. Kd2 {[%clk 00:53:13]}
{[%emt 00:09:32]} Bxc4 {[%clk 00:42:07]} {[%emt 00:03:03]} 0-1

[Event "ODJM B 2025"]
[Site "Willingen GER"]
[Date "2025.06.08"]
[Round "1"]
[White "Moldovan, Tatiana"]
[Black "Franke, Moritz"]
[Result "1/2-1/2"]
[Termination "normal"]
[Board "35"]
[WhiteElo "1780"]
[BlackElo "1627"]
[WhiteClock "00:42:04"]
[BlackClock "01:11:53"]
[PlyCount "96"]
[WhiteFideId "16287398"]
[BlackFideId "34629475"]
[EventCountry "GER"]
[EventRounds "9"]
[EventType "swiss"]
[EventDate "2025.06.07"]

1. e4 {[%clk 01:30:58]} {[%emt 00:00:02]} c5 {[%clk 01:30:56]} {[%emt
00:00:04]} 2. Nc3 {[%clk 01:31:23]} {[%emt 00:00:04]} Nc6 {[%clk 01:31:22]}
{[%emt 00:00:04]} 3. Bb5 {[%clk 01:31:49]} {[%emt 00:00:05]} Nd4 {[%clk
01:31:49]} {[%emt 00:00:04]} 4. Nf3 {[%clk 01:32:14]} {[%emt 00:00:05]} e6
{[%clk 01:32:13]} {[%emt 00:00:05]} 5. b3 {[%clk 01:31:52]} {[%emt 00:00:52]}
a6 {[%clk 01:32:36]} {[%emt 00:00:07]} 6. Bd3 {[%clk 01:32:17]} {[%emt
00:00:04]} Ne7 {[%clk 01:32:54]} {[%emt 00:00:12]} 7. Bb2 {[%clk 01:32:20]}
{[%emt 00:00:28]} Nec6 {[%clk 01:33:20]} {[%emt 00:00:05]} 8. O-O {[%clk
01:32:29]} {[%emt 00:00:21]} Be7 {[%clk 01:33:45]} {[%emt 00:00:04]} 9. Re1
{[%clk 01:30:31]} {[%emt 00:02:28]} Nb4 {[%clk 01:22:42]} {[%emt 00:11:33]} 10.
Nxd4 {[%clk 01:27:02]} {[%emt 00:03:59]} Nxd3 {[%clk 01:20:40]} {[%emt
00:02:33]} 11. cxd3 {[%clk 01:23:30]} {[%emt 00:04:01]} cxd4 {[%clk 01:20:19]}
{[%emt 00:00:51]} 12. Nb1 {[%clk 01:14:42]} {[%emt 00:09:18]} Bc5 {[%clk
01:17:51]} {[%emt 00:02:58]} 13. Qh5 {[%clk 01:13:39]} {[%emt 00:01:32]} Ba7
{[%clk 01:16:57]} {[%emt 00:01:25]} 14. Qe5 {[%clk 01:11:10]} {[%emt 00:02:59]}
Qf6 {[%clk 01:16:57]} {[%emt 00:00:30]} 15. Qd6 {[%clk 01:10:16]} {[%emt
00:01:24]} e5 {[%clk 01:16:44]} {[%emt 00:00:42]} 16. Qxf6 {[%clk 01:10:11]}
{[%emt 00:00:35]} gxf6 {[%clk 01:17:09]} {[%emt 00:00:06]} 17. Ba3 {[%clk
01:10:37]} {[%emt 00:00:05]} Bb8 {[%clk 01:13:13]} {[%emt 00:04:26]} 18. Rc1
{[%clk 01:10:39]} {[%emt 00:00:27]} Kd8 {[%clk 01:13:38]} {[%emt 00:00:05]} 19.
Bc5 {[%clk 01:10:33]} {[%emt 00:00:37]} Bc7 {[%clk 01:12:50]} {[%emt 00:01:17]}
20. Be7+ {[%clk 01:09:13]} {[%emt 00:01:50]} Kxe7 {[%clk 01:11:34]} {[%emt
00:01:46]} 21. Rxc7 {[%clk 01:09:42]} {[%emt 00:00:01]} Kd8 {[%clk 01:11:39]}
{[%emt 00:00:25]} 22. Rc2 {[%clk 01:09:55]} {[%emt 00:00:16]} d6 {[%clk
01:11:50]} {[%emt 00:00:20]} 23. Na3 {[%clk 01:10:19]} {[%emt 00:00:06]} b5
{[%clk 01:08:05]} {[%emt 00:04:15]} 24. Rc6 {[%clk 01:08:49]} {[%emt 00:02:01]}
Ke7 {[%clk 01:05:52]} {[%emt 00:02:42]} 25. Rac1 {[%clk 01:08:59]} {[%emt
00:00:20]} Bd7 {[%clk 01:06:12]} {[%emt 00:00:10]} 26. Rc7 {[%clk 01:09:08]}
{[%emt 00:00:21]} Rhc8 {[%clk 01:06:35]} {[%emt 00:00:06]} 27. f3 {[%clk
01:09:21]} {[%emt 00:00:17]} Rxc7 {[%clk 01:06:54]} {[%emt 00:00:12]} 28. Rxc7
{[%clk 01:09:45]} {[%emt 00:00:05]} Rc8 {[%clk 01:07:17]} {[%emt 00:00:07]} 29.
Rxc8 {[%clk 01:08:43]} {[%emt 00:01:32]} Bxc8 {[%clk 01:07:42]} {[%emt
00:00:05]} 30. Nc2 {[%clk 01:08:15]} {[%emt 00:00:59]} a5 {[%clk 01:08:04]}
{[%emt 00:00:08]} 31. a3 {[%clk 01:08:19]} {[%emt 00:00:26]} Be6 {[%clk
01:08:19]} {[%emt 00:00:15]} 32. b4 {[%clk 01:08:16]} {[%emt 00:00:33]} a4
{[%clk 01:08:20]} {[%emt 00:00:29]} 33. Kf2 {[%clk 01:08:26]} {[%emt 00:00:20]}
f5 {[%clk 01:08:15]} {[%emt 00:00:34]} 34. Kg3 {[%clk 01:08:08]} {[%emt
00:00:48]} f4+ {[%clk 01:08:13]} {[%emt 00:00:33]} 35. Kh4 {[%clk 01:08:30]}
{[%emt 00:00:08]} Kf6 {[%clk 01:08:37]} {[%emt 00:00:06]} 36. Kh5 {[%clk
01:08:38]} {[%emt 00:00:21]} Kg7 {[%clk 01:09:02]} {[%emt 00:00:05]} 37. Ne1
{[%clk 01:07:45]} {[%emt 00:01:23]} h6 {[%clk 01:08:41]} {[%emt 00:00:52]} 38.
g3 {[%clk 01:06:11]} {[%emt 00:02:04]} fxg3 {[%clk 01:08:59]} {[%emt 00:00:11]}
39. hxg3 {[%clk 01:06:24]} {[%emt 00:00:17]} Bh3 {[%clk 01:09:09]} {[%emt
00:00:21]} 40. g4 {[%clk 01:05:57]} {[%emt 00:00:57]} Bf1 {[%clk 01:09:29]}
{[%emt 00:00:10]} 41. g5 {[%clk 01:05:31]} {[%emt 00:00:56]} hxg5 {[%clk
01:09:51]} {[%emt 00:00:08]} 42. Kxg5 {[%clk 01:05:55]} {[%emt 00:00:06]} f6+
{[%clk 01:10:18]} {[%emt 00:00:04]} 43. Kg4 {[%clk 01:05:22]} {[%emt 00:01:02]}
Kg6 {[%clk 01:10:27]} {[%emt 00:00:20]} 44. Kg3 {[%clk 00:45:40]} {[%emt
00:20:12]} f5 {[%clk 01:10:46]} {[%emt 00:00:12]} 45. Kf2 {[%clk 00:41:28]}
{[%emt 00:04:41]} Bh3 {[%clk 01:11:08]} {[%emt 00:00:08]} 46. Kg3 {[%clk
00:41:50]} {[%emt 00:00:08]} Bf1 {[%clk 01:11:32]} {[%emt 00:00:06]} 47. Kf2
{[%clk 00:41:39]} {[%emt 00:00:42]} Bh3 {[%clk 01:11:57]} {[%emt 00:00:05]} 48.
Kg3 {[%clk 00:42:04]} {[%emt 00:00:05]} Bf1 {[%clk 01:11:53]} {[%emt 00:00:04]}
1/2-1/2

[Event "ODJM B 2025"]
[Site "Willingen GER"]
[Date "2025.06.08"]
[Round "1"]
[White "Zielke, Marek"]
[Black "Müller, Cosima"]
[Result "0-1"]
[Termination "normal"]
[Board "36"]
[WhiteElo "1572"]
[BlackElo "1757"]
[WhiteClock "00:21:16"]
[BlackClock "00:24:02"]
[PlyCount "106"]
[WhiteFideId "34661808"]
[BlackFideId "34601490"]
[EventCountry "GER"]
[EventRounds "9"]
[EventType "swiss"]
[EventDate "2025.06.07"]

1. e4 {[%clk 01:30:55]} {[%emt 00:00:05]} c5 {[%clk 01:30:56]} {[%emt
00:00:05]} 2. c3 {[%clk 01:31:21]} {[%emt 00:00:04]} g6 {[%clk 01:31:02]}
{[%emt 00:00:23]} 3. d4 {[%clk 01:30:54]} {[%emt 00:00:57]} cxd4 {[%clk
01:31:25]} {[%emt 00:00:07]} 4. cxd4 {[%clk 01:31:19]} {[%emt 00:00:05]} Bg7
{[%clk 01:27:54]} {[%emt 00:04:01]} 5. Nf3 {[%clk 01:30:30]} {[%emt 00:01:19]}
e6 {[%clk 01:22:09]} {[%emt 00:06:15]} 6. Nc3 {[%clk 01:27:07]} {[%emt
00:03:54]} Ne7 {[%clk 01:20:18]} {[%emt 00:02:21]} 7. Bg5 {[%clk 01:19:40]}
{[%emt 00:07:57]} d5 {[%clk 01:12:49]} {[%emt 00:07:58]} 8. Bb5+ {[%clk
01:11:17]} {[%emt 00:08:53]} Nbc6 {[%clk 01:12:59]} {[%emt 00:00:21]} 9. exd5
{[%clk 01:07:46]} {[%emt 00:04:01]} exd5 {[%clk 01:12:39]} {[%emt 00:00:50]}
10. O-O {[%clk 01:01:38]} {[%emt 00:06:38]} O-O {[%clk 01:12:52]} {[%emt
00:00:16]} 11. Re1 {[%clk 01:00:27]} {[%emt 00:01:41]} Be6 {[%clk 01:04:40]}
{[%emt 00:08:42]} 12. Bxc6 {[%clk 00:47:57]} {[%emt 00:13:01]} bxc6 {[%clk
01:04:42]} {[%emt 00:00:27]} 13. Qa4 {[%clk 00:47:13]} {[%emt 00:01:14]} Re8
{[%clk 00:56:42]} {[%emt 00:08:30]} 14. Bxe7 {[%emt 00:01:45]} Rxe7 {[%clk
00:56:42]} {[%emt 00:00:29]} 15. Qxc6 {[%clk 00:45:06]} {[%emt 00:01:23]} Rc7
{[%clk 00:54:26]} {[%emt 00:02:44]} 16. Qa6 {[%clk 00:34:39]} {[%emt 00:10:59]}
Rb8 {[%clk 00:44:29]} {[%emt 00:10:27]} 17. Qe2 {[%clk 00:31:39]} {[%emt
00:03:29]} Bg4 {[%clk 00:43:25]} {[%emt 00:01:34]} 18. Rab1 {[%clk 00:30:51]}
{[%emt 00:01:19]} Rcb7 {[%clk 00:37:15]} {[%emt 00:06:40]} 19. b3 {[%clk
00:27:51]} {[%emt 00:03:30]} Bxd4 {[%clk 00:36:21]} {[%emt 00:01:23]} 20. Rbc1
{[%clk 00:26:07]} {[%emt 00:02:14]} Bg7 {[%clk 00:31:41]} {[%emt 00:05:10]} 21.
Qd3 {[%clk 00:24:08]} {[%emt 00:02:28]} d4 {[%clk 00:27:13]} {[%emt 00:04:59]}
22. Rcd1 {[%clk 00:21:32]} {[%emt 00:03:07]} Bxf3 {[%clk 00:19:36]} {[%emt
00:08:06]} 23. Qxf3 {[%clk 00:20:52]} {[%emt 00:01:11]} Qa5 {[%clk 00:18:54]}
{[%emt 00:01:11]} 24. Na4 {[%clk 00:18:33]} {[%emt 00:02:49]} Rc7 {[%clk
00:18:43]} {[%emt 00:00:41]} 25. Qf4 {[%clk 00:17:09]} {[%emt 00:01:55]} Rbc8
{[%clk 00:18:21]} {[%emt 00:00:52]} 26. Rc1 {[%clk 00:14:40]} {[%emt 00:02:58]}
Rc2 {[%clk 00:16:17]} {[%emt 00:02:33]} 27. g3 {[%clk 00:13:43]} {[%emt
00:01:26]} d3 {[%clk 00:15:27]} {[%emt 00:01:23]} 28. Rcd1 {[%clk 00:11:47]}
{[%emt 00:02:26]} Rxa2 {[%clk 00:14:54]} {[%emt 00:01:02]} 29. Re7 {[%clk
00:11:34]} {[%emt 00:00:43]} Qd5 {[%clk 00:12:04]} {[%emt 00:03:19]} 30. Rxa7
{[%clk 00:05:15]} {[%emt 00:06:51]} Rf8 {[%clk 00:06:36]} {[%emt 00:05:57]} 31.
Qc4 {[%clk 00:04:16]} {[%emt 00:01:29]} Qxc4 {[%clk 00:05:30]} {[%emt
00:01:36]} 32. bxc4 {[%clk 00:04:45]} {[%emt 00:00:01]} d2 {[%clk 00:04:34]}
{[%emt 00:01:27]} 33. Kf1 {[%clk 00:04:15]} {[%emt 00:00:59]} Re8 {[%clk
00:04:28]} {[%emt 00:00:36]} 34. c5 {[%clk 00:02:29]} {[%emt 00:02:17]} Bd4
{[%clk 00:04:33]} {[%emt 00:00:25]} 35. Rd7 {[%clk 00:02:20]} {[%emt 00:00:39]}
Rxa4 {[%clk 00:04:52]} {[%emt 00:00:11]} 36. Rxd2 {[%clk 00:02:38]} {[%emt
00:00:11]} Bxc5 {[%clk 00:05:10]} {[%emt 00:00:13]} 37. Rd8 {[%clk 00:02:53]}
{[%emt 00:00:15]} Rxd8 {[%clk 00:05:30]} {[%emt 00:00:10]} 38. Rxd8+ {[%clk
00:03:19]} {[%emt 00:00:03]} Kg7 {[%clk 00:05:53]} {[%emt 00:00:07]} 39. Rd5
{[%clk 00:03:38]} {[%emt 00:00:11]} Ba7 {[%clk 00:05:53]} {[%emt 00:00:30]} 40.
Rd2 {[%clk 00:03:41]} {[%emt 00:00:27]} Ra5 {[%clk 00:04:31]} {[%emt 00:01:53]}
41. Kg2 {[%clk 00:03:38]} {[%emt 00:00:32]} h5 {[%clk 00:02:10]} {[%emt
00:02:51]} 42. h4 {[%clk 00:01:56]} {[%emt 00:02:12]} Kf6 {[%clk 00:01:06]}
{[%emt 00:01:33]} 43. Re2 {[%clk 00:01:09]} {[%emt 00:01:18]} Rb5 {[%clk
00:29:34]} {[%emt 00:02:03]} 44. Ra2 {[%clk 00:26:36]} {[%emt 00:05:02]} Bd4
{[%clk 00:29:06]} {[%emt 00:00:57]} 45. Rd2 {[%clk 00:26:04]} {[%emt 00:01:02]}
Rb4 {[%clk 00:26:53]} {[%emt 00:02:44]} 46. Kf3 {[%clk 00:23:12]} {[%emt
00:03:22]} Kf5 {[%clk 00:26:32]} {[%emt 00:00:52]} 47. Ra2 {[%clk 00:22:31]}
{[%emt 00:01:10]} Rb3+ {[%clk 00:25:40]} {[%emt 00:01:23]} 48. Kg2 {[%clk
00:22:05]} {[%emt 00:00:55]} Rb2 {[%clk 00:25:53]} {[%emt 00:00:17]} 49. Rxb2
{[%clk 00:21:39]} {[%emt 00:00:56]} Bxb2 {[%clk 00:26:19]} {[%emt 00:00:05]}
50. f3 {[%clk 00:21:54]} {[%emt 00:00:15]} Ke5 {[%clk 00:25:52]} {[%emt
00:00:57]} 51. Kf2 {[%clk 00:21:21]} {[%emt 00:01:03]} f5 {[%clk 00:24:35]}
{[%emt 00:01:46]} 52. Ke3 {[%clk 00:21:04]} {[%emt 00:00:47]} Bd4+ {[%clk
00:24:52]} {[%emt 00:00:13]} 53. Ke2 {[%clk 00:21:16]} {[%emt 00:00:18]} Kd5
{[%clk 00:24:02]} {[%emt 00:01:21]} 0-1